Banderas de Países que Contienen Solamente Rojo, Blanco y Verde - Estadísticas

Estadísticas generales
  • Esta prueba ha sido intentada 55 veces
  • La puntuación promedio es 10 de 11
Estadísticas de respuestas
Imagen Respuesta % Correcto
Irán
100%
Italia
100%
Líbano
100%
Argelia
97%
Bielorrusia
97%
Hungría
94%
Bulgaria
91%
Burundi
91%
Madagascar
91%
Omán
88%
Maldivas
84%
No se encontraron pruebas coincidentes
Distribución de puntuación
Porcentaje de gente con cada puntuación
Porcentaje por número respondido
Historial de tus puntuaciones
No has intentado esta prueba.